[Event "MCR mladeze 2014, D14"]
[Site "Kouty nad Desnou"]
[Date "2014.03.11"]
[Round "5"]
[White "Koci, Tereza"]
[Black "Dancakova, Klara"]
[Result "1-0"]
[WhiteElo "1473"]
[BlackElo "1209"]
[PlyCount "48"]
[EventDate "2014.03.08"]

1. c4 Nc6 2. Nf3 Nf6 3. d4 d5 4. Nc3 e6 5. Bg5 Be7 6. e3 O-O 7. Be2 Ne4 8. Bxe7
Qxe7 9. Nxe4 dxe4 10. Nd2 f5 11. O-O Bd7 12. Nb3 b6 13. a3 f4 14. Bg4 Qh4 15.
g3 fxg3 16. hxg3 Qg5 17. Nd2 Qg6 18. Kg2 Ne7 19. Be2 Nf5 20. Rh1 Ne7 21. Qc2 c5
22. dxc5 bxc5 23. Rh4 Nf5 24. Rg4 Qf6 {Necitelny zapis} 1-0

[Event "MCR mladeze 2014, D14"]
[Site "Kouty nad Desnou"]
[Date "2014.03.11"]
[Round "5"]
[White "Vrbova, Eva"]
[Black "Vitova, Anna"]
[Result "1/2-1/2"]
[WhiteElo "1357"]
[BlackElo "1575"]
[PlyCount "46"]
[EventDate "2014.03.08"]

1. e4 c5 2. Nf3 d6 3. d4 cxd4 4. Nxd4 Nf6 5. Nc3 a6 6. Be3 e6 7. Bc4 Be7 8. O-O
Nc6 9. f4 O-O 10. Qd2 Qc7 11. h3 b5 12. Bd3 Bb7 13. a3 Rfd8 14. Qf2 Qc8 15.
Nxc6 Bxc6 16. e5 Nd7 17. Qg3 dxe5 18. fxe5 Qc7 19. Rac1 Rac8 20. Bh6 g6 21. Qf4
f6 22. exf6 Qxf4 23. Rxf4 Bxf6 1/2-1/2

[Event "MCR mladeze 2014, D14"]
[Site "Kouty nad Desnou"]
[Date "2014.03.11"]
[Round "5"]
[White "Hunova, Zuzana"]
[Black "Korenova, Magdalena"]
[Result "0-1"]
[WhiteElo "1085"]
[BlackElo "1400"]
[PlyCount "108"]
[EventDate "2014.03.08"]

1. e4 e5 2. d4 f6 3. dxe5 fxe5 4. Nf3 Nc6 5. Bb5 Nf6 6. Nc3
Bb4 7. Bg5 d6 8. Bxc6+ bxc6 9. O-O O-O 10. Qd3 Be6 11. a3 Ba5 12. h3 Qd7 13. b4
Bb6 14. Bxf6 Rxf6 15. Ng5 Bd4 16. Nxe6 Qxe6 17. Rad1 Raf8 18. Rd2 Qf7 19. Nd1
Qg6 20. Qc4+ d5 21. Qa6 Qxe4 22. c3 Bb6 23. Qe2 Qxe2 24. Rxe2 e4 25. a4 a5 26.
bxa5 Bxa5 27. Kh1 Bb6 28. Kg1 Ra8 29. Ra2 c5 30. f3 c4+ 31. Kh1 e3 32. Re1 Re6
33. Rae2 Rae8 34. a5 Bxa5 35. Rxe3 Rxe3 36. Rxe3 Rxe3 37. Nxe3 c6 38. Nd1 Kf7
39. g4 Ke6 40. Kg2 Ke5 41. Kg3 d4 42. cxd4+ Kxd4 43. f4 c3 44. Nxc3 Bxc3 45. f5
Ke4 46. h4 c5 47. h5 c4 48. Kh4 Be1+ 49. Kg5 Bd2+ 50. Kh4 c3 51. g5 Kxf5 52. g6
hxg6 53. hxg6 c2 54. Kg3 c1=Q 0-1

[Event "MCR mladeze 2014, D14"]
[Site "Kouty nad Desnou"]
[Date "2014.03.11"]
[Round "5"]
[White "Dolezalova, Josefina"]
[Black "Kratochvilova, Kristyna"]
[Result "0-1"]
[WhiteElo "1100"]
[BlackElo "1461"]
[PlyCount "60"]
[EventDate "2014.03.08"]

1. e4 c6 2. Bc4 d5 3. exd5 cxd5 4. Bb3 e5 5. d3 Nf6 6. Bg5 Be7
7. Ba4+ Bd7 8. Bb3 Nc6 9. c3 Bf5 10. Nf3 O-O 11. O-O Bg4 12. Nbd2 e4 13. dxe4
dxe4 14. h3 Bh5 15. Qe1 exf3 16. Nxf3 Bxf3 17. gxf3 Qd7 18. Rd1 Qxh3 19. Bf4
Qxf3 20. Bg3 Rad8 21. Bc7 Rxd1 22. Bxd1 Qd5 23. Qe3 Bd6 24. Bxd6 Qxd6 25. Bf3
Ne5 26. Re1 Qc7 27. Be2 Neg4 28. Qf3 Qh2+ 29. Kf1 Ne4 30. Qxe4 Qxf2# 0-1

[Event "MCR mladeze 2014, D14"]
[Site "Kouty nad Desnou"]
[Date "2014.03.12"]
[Round "6"]
[White "Ambrozova, Lucie"]
[Black "Nemcova, Kamila"]
[Result "1-0"]
[WhiteElo "1480"]
[BlackElo "1659"]
[PlyCount "95"]
[EventDate "2014.??.??"]

1. e4 d5 2. exd5 Qxd5 3. Nc3 Qa5 4. d4 c6 5. Nf3 Nf6 6. Bc4 Bf5 7. Bd2 Qb6 8.
Bb3 e6 9. Qe2 Nbd7 10. O-O-O Bd6 11. h3 O-O-O 12. Ne5 Bg6 13. Nc4 Qc7 14. Nxd6+
Qxd6 15. Bg5 h6 16. Be3 Rhe8 17. Rhe1 Nb6 18. Qf3 Nbd5 19. Nxd5 Nxd5 20. Bd2
Qf8 21. Ba4 Rd7 22. Bb3 Red8 23. c4 Nf6 24. Bxh6 Be4 25. Qxf6 gxf6 26. Bxf8
Bxg2 27. Bg7 Rxd4 28. Bxf6 Rxd1+ 29. Rxd1 Rxd1+ 30. Kxd1 Bxh3 31. c5 Kd7 32.
Ke2 Bf5 33. f4 Ke8 34. Bc4 Kd7 35. Bd3 Bg4+ 36. Ke3 Bh3 37. b4 a6 38. a4 Bg2
39. f5 Bd5 40. Kf4 Bb3 41. a5 Ba2 42. Ke5 exf5 43. Bxf5+ Be6 44. Bxe6+ fxe6 45.
Bg5 Kc7 46. Kxe6 Kc8 47. Bf4 Kd8 48. Bd6 1-0

[Event "MCR mladeze 2014, D14"]
[Site "Kouty nad Desnou"]
[Date "2014.03.12"]
[Round "6"]
[White "Brunova, Blanka"]
[Black "Vavrinkova, Eliska"]
[Result "0-1"]
[WhiteElo "1568"]
[BlackElo "1488"]
[PlyCount "104"]
[EventDate "2014.??.??"]

1. e4 d5 2. exd5 Qxd5 3. Nc3 Qd6 4. d4 Nf6 5. Bg5 c6 6. Qd2 Bf5 7. Nf3 Nbd7 8.
O-O-O Qc7 9. Bf4 Qa5 10. Bc4 e6 11. Rhe1 O-O-O 12. Ne5 Nxe5 13. Bxe5 Bb4 14. f3
Bxc3 15. Qxc3 Qxc3 16. bxc3 Ne8 17. g4 Bg6 18. h4 h6 19. f4 b5 20. Bb3 Rg8 21.
h5 Bh7 22. g5 hxg5 23. fxg5 Bf5 24. Rd2 Nd6 25. Rh2 Ne4 26. h6 Nxg5 27. hxg7
Nf3 28. Ree2 Nxe5 29. dxe5 Rxg7 30. c4 Rg4 31. cxb5 cxb5 32. Re3 Kb7 33. Rh6 b4
34. Rf6 Rg1+ 35. Kb2 Rdd1 36. Bd5+ exd5 37. Kb3 Rb1+ 38. Ka4 Bxc2+ 39. Kb5 Rg7
40. Rd6 Bf5 41. Rxd5 a6+ 42. Ka5 Rg2 43. a4 Ra2 44. Rd4 Be6 45. Rxb4+ Rxb4 46.
Kxb4 Kb6 47. Re1 a5+ 48. Kc3 Rxa4 49. Rb1+ Kc5 50. Kd2 Re4 51. Ra1 Kb5 52. Rb1+
Rb4 0-1

[Event "MCR mladeze 2014, D14"]
[Site "Kouty nad Desnou"]
[Date "2014.03.12"]
[Round "6"]
[White "Volaninova, Sarka"]
[Black "Koci, Tereza"]
[Result "0-1"]
[WhiteElo "1556"]
[BlackElo "1473"]
[PlyCount "58"]
[EventDate "2014.??.??"]

1. d4 f5 2. c4 Nf6 3. Nc3 g6 4. Bg5 Bg7 5. Nf3 d6 6. e3 c6 7. Be2 O-O 8. O-O
Qe8 9. Qc2 e5 10. dxe5 dxe5 11. Rfd1 Na6 12. e4 f4 13. Rd2 Nd7 14. Rd6 h6 15.
Bh4 g5 16. Bxg5 hxg5 17. Nxg5 Qe7 18. Rg6 Rf6 19. Rxf6 Qxf6 20. h4 Bh6 21. Nf3
Ndc5 22. g3 fxg3 23. fxg3 Bg4 24. Rf1 Bh3 25. Rd1 Qg7 26. Kh2 Bg4 27. a3 Kh8
28. b4 Ne6 29. Qb3 Bxf3 0-1

[Event "MCR mladeze 2014, D14"]
[Site "Kouty nad Desnou"]
[Date "2014.03.12"]
[Round "6"]
[White "Koucha, Maryam Amina"]
[Black "Kalinova, Eliska"]
[Result "0-1"]
[WhiteElo "1527"]
[BlackElo "1312"]
[PlyCount "92"]
[EventDate "2014.??.??"]

1. e4 e5 2. Nf3 Nc6 3. d4 exd4 4. c3 dxc3 5. Bc4 Nf6 6. Nxc3 Bb4 7. e5 Ng8 8.
O-O Nge7 9. Bg5 Bxc3 10. bxc3 O-O 11. Re1 h6 12. Bh4 d5 13. exd6 cxd6 14. Nd4
Qd7 15. Ne6 Re8 16. Bg3 Nf5 17. Qg4 fxe6 18. Qxf5 d5 19. Bxd5 exd5 20. Qg6 Ne7
21. Qh5 b6 22. Be5 Bb7 23. Bd4 Nc6 24. Be3 d4 25. Rad1 Rac8 26. h3 Na5 27. cxd4
Qc6 28. Qg4 Nc4 29. Rc1 Nxe3 30. Rxc6 Nxg4 31. Rxc8 Rxc8 32. hxg4 Rd8 33. Rd1
Bc8 34. f3 Be6 35. a3 Kf7 36. Kf2 Ke7 37. Ke3 Kd6 38. Rc1 Re8 39. Kd3 a6 40. a4
g5 41. Rb1 Kc6 42. Rc1+ Kd5 43. Rc2 h5 44. gxh5 Bf5+ 45. Kc3 Bxc2 46. Kxc2 Kxd4
0-1

[Event "MCR mladeze 2014, D14"]
[Site "Kouty nad Desnou"]
[Date "2014.03.12"]
[Round "6"]
[White "Zlamana, Anna"]
[Black "Bierska, Adela"]
[Result "1-0"]
[WhiteElo "1489"]
[BlackElo "1472"]
[PlyCount "51"]
[EventDate "2014.??.??"]

1. e4 e5 2. Nf3 Nc6 3. Nc3 Nf6 4. d4 exd4 5. Nxd4 Bb4 6. Nxc6 bxc6 7. Bd3 d5 8.
exd5 cxd5 9. O-O O-O 10. h3 c6 11. Qf3 Re8 12. Bf4 Kh8 13. Ne2 Bf8 14. Rfe1 g6
15. c4 Be6 16. Rad1 Qb6 17. Be5 Bg7 18. Bxf6 dxc4 19. Bxg7+ Kxg7 20. Be4 Bxh3
21. Bxc6 Bg4 22. Qc3+ Kg8 23. Bxe8 Rxe8 24. Qxc4 Qe6 25. Qxe6 Rxe6 26. f3 1-0

[Event "MCR mladeze 2014, D14"]
[Site "Kouty nad Desnou"]
[Date "2014.03.12"]
[Round "6"]
[White "Kralova, Josefina"]
[Black "Kopcova, Ludmila"]
[Result "0-1"]
[WhiteElo "1551"]
[BlackElo "1618"]
[PlyCount "62"]
[EventDate "2014.03.08"]

1. Nf3 d5 2. g3 Nf6 3. Bg2 Bg4 4. O-O Qc8 5. d3 Nc6 6. Nc3 Bh3 7. Bf4 Bxg2
8. Kxg2 a6 9. e4 dxe4 10. dxe4 e6 11. Qe2 Bc5 12. Rad1 O-O 13. Bg5 Nd7 14. e5
h6 15. Bf4 Nb6 16. h4 Rd8 17. g4 Rxd1 18. Rxd1 Qf8 19. g5 h5 20. Qe4 g6 21. Qe2
Be7 22. Ne4 Rd8 23. Nf6+ Kh8 24. Rxd8 Qxd8 25. Qd2 Nc4 26. Qxd8+ Bxd8 27. c3
Nxb2 28. Ne1 Na4 29. Nd3 b5 30. Be3 Be7 31. Nd7 b4 {Necitelny zapis} 0-1

[Event "MCR mladeze 2014, D14"]
[Site "Kouty nad Desnou"]
[Date "2014.03.12"]
[Round "6"]
[White "Vlkova, Anezka"]
[Black "Masakova, Petra"]
[Result "1/2-1/2"]
[WhiteElo "1440"]
[BlackElo "1553"]
[PlyCount "136"]
[EventDate "2014.03.08"]

1. e4 c6 2. Nc3 d5 3. exd5 cxd5 4. d4 Nc6 5. Nf3 Bg4 6. Be2 e6 7. O-O Bxf3 8.
Bxf3 Qb6 9. Ne2 Bd6 10. b3 Nf6 11. c4 Qd8 12. Bb2 O-O 13. Ng3 Qd7 14. cxd5 exd5
15. Qd2 Rac8 16. Qg5 h6 17. Qh4 Bb8 18. Bc1 Qd8 19. Nf5 Nh7 20. Qg4 Ng5 21. Kh1
Kh7 22. h4 Ne6 23. Re1 Rg8 24. Qh5 Qd7 25. Nxh6 g6 26. Qxd5 Qxd5 27. Bxd5 Rgd8
28. Bxe6 fxe6 29. Bg5 Rxd4 30. Rxe6 Bf4 31. g3 Be5 32. Re1 Bg7 33. Nf7 Rf8 34.
Nd6 Rd5 35. Nxb7 Nd4 36. Rd6 Rb5 37. Rd7 Nf5 38. Rde7 Nxe7 39. Rxe7 Kg8 40. Nd6
Rd5 41. Ne8 Bb2 42. Kg2 Bd4 43. Bf4 Bc5 44. Re2 Bb6 45. Bg5 Bd4 46. Nc7 Rdf5
47. Bf4 Bb6 48. a4 Rxf4 49. gxf4 Bxc7 50. Re6 Kg7 51. Re7+ Rf7 52. Re6 Rxf4 53.
f3 Kf7 54. Rc6 Bb6 55. Kg3 Rb4 56. Rc3 Rd4 57. Rc1 Bd8 58. Kg2 Rxh4 59. Rd1 Bb6
60. Rd7+ Ke6 61. Rg7 Kf6 62. Rd7 Rd4 63. Rb7 Rd2+ 64. Kg3 Rb2 65. Kh3 Rb1 66.
a5 Rxb3 67. axb6 axb6 68. Kg4 b5 1/2-1/2

[Event "MCR mladeze 2014, D14"]
[Site "Kouty nad Desnou"]
[Date "2014.03.12"]
[Round "6"]
[White "Korenova, Magdalena"]
[Black "Tumova, Anna"]
[Result "1/2-1/2"]
[WhiteElo "1400"]
[BlackElo "1496"]
[PlyCount "69"]
[EventDate "2014.03.08"]

1. e4 e6 2. d4 d5 3. exd5 exd5 4. Bd3 Bd6 5. c3 c6 6. Nf3 Bg4 7. O-O Nf6 8.
Re1+ Be7 9. Bg5 Nbd7 10. Nbd2 O-O 11. Qc2 Re8 12. Ne5 h6 13. f3 hxg5 14. Nxd7
Qxd7 15. fxg4 Bd6 16. h3 Bf4 17. Nf3 Qc7 18. Kh1 Re7 19. Rxe7 Qxe7 20. Re1 Qc7
21. b4 Re8 22. Rxe8+ Nxe8 23. Qe2 Nf6 24. h4 Qb8 25. Nxg5 b6 26. Qe7 Qe8 27.
Qxe8+ Nxe8 28. Bh7+ Kf8 29. Bc2 Bd2 30. Ba4 b5 31. Bc2 g6 32. Nf3 Bxc3 33. a3
Nd6 34. h5 Kg7 35. Ne5 1/2-1/2

[Event "MCR mladeze 2014, D14"]
[Site "Kouty nad Desnou"]
[Date "2014.03.12"]
[Round "6"]
[White "Kratochvilova, Kristyna"]
[Black "Vrbova, Eva"]
[Result "0-1"]
[WhiteElo "1461"]
[BlackElo "1357"]
[PlyCount "50"]
[EventDate "2014.03.08"]

1. e4 e5 2. Nf3 Nc6 3. Bc4 Bc5 4. c3 Nf6 5. d4 exd4 6. cxd4 Bb4+ 7. Nc3 O-O 8.
Bd2 Bxc3 9. bxc3 Nxe4 10. O-O d5 11. Bd3 Bf5 12. Re1 Nxf2 13. Kxf2 Bxd3 14. Ne5
Nxe5 15. Rxe5 Be4 16. Qg4 Qf6+ 17. Kg1 Rae8 18. Rg5 h6 19. Rh5 Qg6 20. Qxg6
fxg6 21. Rh4 g5 22. Rg4 Re6 23. Re1 Bd3 24. Rd1 Be2 25. Re1 Bxg4 0-1

[Event "MCR mladeze 2014, D14"]
[Site "Kouty nad Desnou"]
[Date "2014.03.12"]
[Round "6"]
[White "Dancakova, Klara"]
[Black "Hunova, Zuzana"]
[Result "1-0"]
[WhiteElo "1209"]
[BlackElo "1085"]
[PlyCount "61"]
[EventDate "2014.03.08"]

1. e4 e5 2. Nf3 Nc6 3. Nc3 Nf6 4. d4 exd4 5. Nxd4 Nxd4 6. Qxd4 g6 7. Bg5 Bg7 8.
e5 Qe7 9. Be2 Qd8 10. Nd5 O-O 11. Bxf6 Bxf6 12. Nxf6+ Kg7 13. O-O Qe7 14. Nd5
Qg5 15. e6+ Kg8 16. Nf6+ Kg7 17. Ne4+ Kh6 18. Nxg5 Kxg5 19. exd7 Bxd7 20. Qxd7
Rfe8 21. Qg4+ Kf6 22. Bf3 Rad8 23. Bxb7 Rd2 24. Qf4+ Ke7 25. Rfe1+ Kf8 26.
Rxe8+ Kxe8 27. Qxd2 Ke7 28. Qg5+ Kf8 29. Qf6 Ke8 30. Bc6+ Kf8 31. Re1 1-0

[Event "MCR mladeze 2014, D14"]
[Site "Kouty nad Desnou"]
[Date "2014.03.12"]
[Round "6"]
[White "Vitova, Anna"]
[Black "Dolezalova, Josefina"]
[Result "1-0"]
[WhiteElo "1575"]
[BlackElo "1100"]
[PlyCount "51"]
[EventDate "2014.03.08"]

1. e4 e5 2. Nf3 Nc6 3. d4 exd4 4. c3 Nf6 5. e5 Ng8 6. Bc4 dxc3 7. Qd5 Qe7 8.
O-O Nh6 9. Nxc3 Qe6 10. Bg5 Be7 11. Nb5 Qxd5 12. Bxd5 O-O 13. Bxc6 Bc5 14. Be4
d6 15. Nxc7 Rb8 16. Be7 Bg4 17. Bxf8 Rxf8 18. Bxb7 dxe5 19. Nxe5 Be2 20. Rfe1
Bh5 21. Rac1 Bb4 22. Nd7 Rd8 23. Re8+ Rxe8 24. Nxe8 Nf5 25. Rc8 h6 26. Nef6#
1-0

[Event "MCR mladeze 2014, D14"]
[Site "Kouty nad Desnou"]
[Date "2014.03.13"]
[Round "7"]
[White "Nemcova, Kamila"]
[Black "Vavrinkova, Eliska"]
[Result "1/2-1/2"]
[WhiteElo "1659"]
[BlackElo "1488"]
[PlyCount "61"]
[EventDate "2014.??.??"]

1. e4 d5 2. exd5 Qxd5 3. Nc3 Qd6 4. d4 c6 5. Bc4 Nf6 6. Nge2 Bf5 7. Bf4 Qd8 8.
Qd2 e6 9. h3 Bd6 10. Bb3 Qc7 11. Bxd6 Qxd6 12. Nf4 h6 13. g4 Bh7 14. O-O-O Nbd7
15. Rhg1 g5 16. Nfe2 O-O-O 17. f4 Rhg8 18. Rdf1 Rg7 19. Qe3 Qe7 20. Rf2 Re8 21.
Rgf1 Nd5 22. Nxd5 exd5 23. Qxe7 Rxe7 24. Ng3 f6 25. Nh5 Rg8 26. fxg5 fxg5 27.
Nf6 Nxf6 28. Rxf6 Rg6 29. c3 Kd7 30. Rf7 Rge6 31. Rxe7+ 1/2-1/2

[Event "MCR mladeze 2014, D14"]
[Site "Kouty nad Desnou"]
[Date "2014.03.13"]
[Round "7"]
[White "Koci, Tereza"]
[Black "Ambrozova, Lucie"]
[Result "1-0"]
[WhiteElo "1473"]
[BlackElo "1480"]
[PlyCount "169"]
[EventDate "2014.??.??"]

1. d4 d5 2. Nf3 Nf6 3. c4 e6 4. Nc3 Be7 5. Bf4 O-O 6. e3 c5 7. dxc5 Bxc5 8.
cxd5 Nxd5 9. Nxd5 exd5 10. Be2 Bb4+ 11. Kf1 Nc6 12. Nd4 Qf6 13. Nxc6 bxc6 14.
Qd4 Qxd4 15. exd4 Re8 16. a3 Ba5 17. Rc1 Bd7 18. h3 Re4 19. Be3 Rae8 20. Bf3
R4e7 21. g3 Rb8 22. b4 Bc7 23. Kg2 Bd6 24. Rhe1 Rbe8 25. Bd2 Rxe1 26. Rxe1 Rxe1
27. Bxe1 f6 28. Bd2 Kf7 29. Be2 Bc8 30. Bd3 g6 31. f3 Bc7 32. Kh2 Bb6 33. Be3
h5 34. g4 Bc7+ 35. Kg2 hxg4 36. hxg4 f5 37. gxf5 Bxf5 38. Bxf5 gxf5 39. f4 Kg6
40. Kh3 Kh5 41. Bd2 Bd8 42. Be1 Bc7 43. Bd2 a6 44. Kg3 Bd8 45. Kf3 Kh4 46. Be1+
Kh3 47. Bd2 Kh4 48. Be1+ Kh5 49. Bd2 Bh4 50. Bc3 Kg6 51. Bd2 Kf7 52. Bc3 Ke7
53. Bd2 Kd6 54. Bc3 Kc7 55. a4 Kb6 56. Kg2 a5 57. bxa5+ Ka6 58. Bb4 Bd8 59. Kh3
Bxa5 60. Bxa5 Kxa5 61. Kh4 c5 62. dxc5 d4 63. Kg3 Ka6 64. Kf3 Kb7 65. Ke2 Kc6
66. Kd3 Kxc5 67. a5 Kb5 68. Kxd4 Kxa5 69. Ke5 Kb6 70. Kxf5 Kc6 71. Kg6 Kd6 72.
f5 Kd7 73. f6 Ke8 74. Kg7 Kd7 75. f7 Ke6 76. f8=Q Kd5 77. Qf6 Ke4 78. Qd6 Ke3
79. Qd5 Kf4 80. Kf6 Ke3 81. Kf5 Ke2 82. Kf4 Kf2 83. Qd2+ Kf1 84. Kg3 Kg1 85.
Qg2# 1-0

[Event "MCR mladeze 2014, D14"]
[Site "Kouty nad Desnou"]
[Date "2014.03.13"]
[Round "7"]
[White "Kalinova, Eliska"]
[Black "Zlamana, Anna"]
[Result "0-1"]
[WhiteElo "1312"]
[BlackElo "1489"]
[PlyCount "68"]
[EventDate "2014.??.??"]

1. d4 d5 2. Nc3 Nf6 3. Bg5 Nbd7 4. Nf3 h6 5. Bh4 c6 6. e3 Qb6 7. a3 e6 8. Bd3
Bd6 9. O-O O-O 10. e4 dxe4 11. Nxe4 Nxe4 12. Bxe4 f5 13. Bd3 g5 14. Nxg5 hxg5
15. Qh5 Qxd4 16. Qxg5+ Qg7 17. Qh5 Nf6 18. Bxf6 Rxf6 19. Rfe1 Rh6 20. Qf3 Rxh2
21. g3 Rh6 22. Rad1 Bc7 23. Bc4 Kh7 24. Qb3 Qg4 25. Qb4 Rg6 26. Rd3 b5 27. Bb3
Qxb4 28. axb4 e5 29. Rde3 f4 30. Rf3 Rg5 31. Kf1 Bh3+ 32. Kg1 Bb6 33. c3 Rxg3+
34. Rxg3 fxg3 0-1

[Event "MCR mladeze 2014, D14"]
[Site "Kouty nad Desnou"]
[Date "2014.03.13"]
[Round "7"]
[White "Kopcova, Ludmila"]
[Black "Brunova, Blanka"]
[Result "0-1"]
[WhiteElo "1618"]
[BlackElo "1568"]
[PlyCount "100"]
[EventDate "2014.??.??"]

1. e4 c5 2. Nf3 e6 3. b3 Nc6 4. Bb5 d5 5. Bxc6+ bxc6 6. d3 Nf6 7. Nbd2 Qc7 8.
Bb2 d4 9. Nc4 Ba6 10. Nfd2 Nd7 11. Qf3 Nb6 12. Nxb6 axb6 13. Qg3 Qxg3 14. hxg3
Bd6 15. O-O O-O 16. a4 e5 17. g4 b5 18. Rfb1 Rfb8 19. Bc1 Bc8 20. f3 Be7 21.
Kf2 Be6 22. Ke2 Kf8 23. axb5 cxb5 24. Kd1 Ke8 25. Rxa8 Rxa8 26. Bb2 Ra2 27. c3
Rxb2 28. Rxb2 dxc3 29. Rb1 cxd2 30. Kxd2 Bg5+ 31. Kc2 Be3 32. Ra1 Ke7 33. Ra7+
Kf6 34. Rb7 b4 35. g3 Bf2 36. Rc7 Bxg3 37. Rxc5 Be1 38. Ra5 Bc3 39. Ra8 g6 40.
Rg8 h5 41. gxh5 gxh5 42. Rg1 h4 43. Rg2 h3 44. Rg8 Bd4 45. Rh8 Kg5 46. Kd2 Kf4
47. Ke2 Bg1 48. Kf1 h2 49. Kg2 Bxb3 50. Rb8 Bd1 0-1

[Event "MCR mladeze 2014, D14"]
[Site "Kouty nad Desnou"]
[Date "2014.03.13"]
[Round "7"]
[White "Bierska, Adela"]
[Black "Volaninova, Sarka"]
[Result "1-0"]
[WhiteElo "1472"]
[BlackElo "1556"]
[PlyCount "49"]
[EventDate "2014.??.??"]

1. e4 c5 2. Nf3 Nc6 3. d4 cxd4 4. Nxd4 g6 5. c4 Bg7 6. Be3 Nf6 7. Nc3 O-O 8.
Be2 d6 9. O-O Bd7 10. Qd2 Rc8 11. Rab1 Ne5 12. b3 a6 13. f3 Qa5 14. Nd5 Qxd2
15. Nxe7+ Kh8 16. Bxd2 Rce8 17. Nd5 Bc6 18. Bb4 Rd8 19. f4 Ned7 20. e5 Nxd5 21.
cxd5 Bxd5 22. Bxd6 Rfe8 23. Rbc1 Nb6 24. Bc7 Be6 25. Bxb6 1-0

[Event "MCR mladeze 2014, D14"]
[Site "Kouty nad Desnou"]
[Date "2014.03.13"]
[Round "7"]
[White "Masakova, Petra"]
[Black "Koucha, Maryam Amina"]
[Result "0-1"]
[WhiteElo "1553"]
[BlackElo "1527"]
[PlyCount "110"]
[EventDate "2014.03.08"]

1. d4 d5 2. Nf3 Nf6 3. e3 e6 4. Bd3 Nbd7 5. O-O Bd6 6. b3 b6 7. Bb2 Bb7 8. Nbd2
O-O 9. Ne5 c5 10. f4 Rc8 11. Ndf3 Ne4 12. Nxd7 Qxd7 13. Ne5 Qe7 14. Qe2 f6 15.
Nf3 Bc6 16. Rac1 c4 17. bxc4 dxc4 18. Bxc4 Rfe8 19. Bb3 Ba3 20. c4 Bxb2 21.
Qxb2 Kh8 22. Qb1 Bb7 23. Qd3 Red8 24. Qe2 Ba6 25. Rfd1 Qb7 26. Nd2 Nxd2 27.
Qxd2 Qe7 28. Qb2 Bb7 29. Bc2 f5 30. Bd3 Qe8 31. Qb4 Qg6 32. Qd2 Qe8 33. Bb1 Ba6
34. Qb4 Bb7 35. Bd3 Qg6 36. Bf1 Qe8 37. c5 Qc6 38. cxb6 Qxb6 39. Qxb6 axb6 40.
Bc4 Bd5 41. Bxd5 exd5 42. Kf2 Kg8 43. h3 Kf7 44. g4 Ke6 45. Ke2 Kf6 46. Kd3 Ke6
47. Rg1 g6 48. gxf5+ Kxf5 49. Rg5+ Ke6 50. Rgg1 Kf5 51. Rxc8 Rxc8 52. h4 Ra8
53. Rg2 Ra3+ 54. Ke2 Rxa2+ 55. Kf3 Rxg2 0-1

[Event "MCR mladeze 2014, D14"]
[Site "Kouty nad Desnou"]
[Date "2014.03.13"]
[Round "7"]
[White "Tumova, Anna"]
[Black "Vlkova, Anezka"]
[Result "0-1"]
[WhiteElo "1496"]
[BlackElo "1440"]
[PlyCount "124"]
[EventDate "2014.03.08"]

1. e4 e5 2. Nf3 Nf6 3. Nc3 Nc6 4. Bb5 Bb4 5. d3 O-O 6. Bxc6 dxc6 7. O-O Re8 8.
Bg5 Bg4 9. a3 Bc5 10. h3 Bh5 11. Re1 Qd6 12. Na4 Nd7 13. Nxc5 Nxc5 14. b4 Ne6
15. Be3 Qe7 16. Rb1 Qf6 17. b5 c5 18. a4 b6 19. Rb3 Rad8 20. Qe2 Nf4 21. Bxf4
Qxf4 22. Qe3 Bxf3 23. Qxf4 exf4 24. gxf3 Re5 25. Ra1 Rg5+ 26. Kf1 Rh5 27. a5
Rxh3 28. Ke2 f5 29. axb6 axb6 30. Ra7 Rd7 31. Rba3 fxe4 32. dxe4 Kf7 33. Rb7
Ke7 34. Raa7 Kd6 35. e5+ Kxe5 36. Rxc7 Rxc7 37. Rxc7 Rh6 38. Rxg7 c4 39. c3 Kd6
40. Rg5 Re6+ 41. Kd2 Re5 42. Rg4 Rf5 43. Rg1 Rxb5 44. Rg7 Rh5 45. Rf7 Rh4 46.
Rf6+ Kc5 47. Rf5+ Kc6 48. Rf6+ Kb5 49. Re6 Rh3 50. Ke2 h5 51. Re4 Rh4 52. Kd2
Kc5 53. Re5+ Kd6 54. Rf5 Kc6 55. Rf6+ Kb5 56. Re6 Ka5 57. Re5+ b5 58. Rd5 Ka4
59. Kc2 Rh2 60. Rd2 Rh3 61. Rd1 Ka5 62. Rd8 Rxf3 0-1

[Event "MCR mladeze 2014, D14"]
[Site "Kouty nad Desnou"]
[Date "2014.03.13"]
[Round "7"]
[White "Vitova, Anna"]
[Black "Dancakova, Klara"]
[Result "1-0"]
[WhiteElo "1575"]
[BlackElo "1209"]
[PlyCount "43"]
[EventDate "2014.03.08"]

1. e4 e6 2. d4 d5 3. Nd2 c5 4. c3 Nc6 5. Ngf3 Qb6 6. Qa4 Bd7 7. Bb5 Bd6 8. e5
Bc7 9. O-O Nge7 10. Rd1 O-O 11. dxc5 Qxc5 12. Nb3 Qb6 13. Be3 d4 14. Nfxd4 Bxe5
15. Nxc6 Qc7 16. Nxe7+ Kh8 17. Rxd7 Qb8 18. Qh4 a6 19. Bd3 g6 20. Nxg6+ Kg8 21.
Nxf8 Qxf8 22. Qxh7# 1-0

[Event "MCR mladeze 2014, D14"]
[Site "Kouty nad Desnou"]
[Date "2014.03.13"]
[Round "7"]
[White "Vrbova, Eva"]
[Black "Korenova, Magdalena"]
[Result "1-0"]
[WhiteElo "1357"]
[BlackElo "1400"]
[PlyCount "43"]
[EventDate "2014.03.08"]

1. e4 e5 2. Nf3 Nc6 3. Bc4 Nf6 4. Nc3 Nxe4 5. Nxe4 d5 6. Bd3 dxe4 7. Bxe4 Bc5
8. O-O Bg4 9. Qe1 O-O 10. Bxc6 bxc6 11. Qxe5 Bxf3 12. Qxc5 Bd5 13. d3 Re8 14.
Be3 Rb8 15. b3 Qd6 16. Qxd6 cxd6 17. Rfe1 c5 18. Bd2 f5 19. Bf4 Rxe1+ 20. Rxe1
Rd8 21. Re7 a6 22. f3 1-0

[Event "MCR mladeze 2014, D14"]
[Site "Kouty nad Desnou"]
[Date "2014.03.13"]
[Round "7"]
[White "Dolezalova, Josefina"]
[Black "Kralova, Josefina"]
[Result "0-1"]
[WhiteElo "1100"]
[BlackElo "1551"]
[PlyCount "74"]
[EventDate "2014.03.08"]

1. e4 e5 2. Nf3 Nc6 3. Bc4 Nf6 4. d3 Be7 5. Nc3 d6 6. Bg5 O-O 7. Qe2 Bg4 8.
O-O-O Nd4 9. Qd2 Nxf3 10. gxf3 Bxf3 11. Rhf1 Bxd1 12. Rxd1 Nd7 13. Be3 Nb6 14.
d4 Nxc4 15. Qe2 Nxe3 16. fxe3 exd4 17. exd4 Re8 18. e5 Bg5+ 19. Kb1 Qd7 20. Rg1
Bh6 21. Ne4 Kh8 22. Qg2 dxe5 23. Ng3 g6 24. Ne4 Bg7 25. Qg3 Qxd4 26. Re1 Rad8
27. Nc3 Qf4 28. Rg1 Qd4 29. Qg2 e4 30. a3 Qc5 31. Na4 Qa5 32. Nc3 Bxc3 33. bxc3
Qxc3 34. Rc1 Qxa3 35. Qe2 Rd6 36. Qf1 Rb6+ 37. Qb5 Rxb5# 0-1

[Event "MCR mladeze 2014, D14"]
[Site "Kouty nad Desnou"]
[Date "2014.03.13"]
[Round "7"]
[White "Hunova, Zuzana"]
[Black "Kratochvilova, Kristyna"]
[Result "0-1"]
[WhiteElo "1085"]
[BlackElo "1461"]
[PlyCount "98"]
[EventDate "2014.03.08"]

1. e4 c6 2. Nc3 d5 3. exd5 cxd5 4. d4 Nf6 5. Nf3 Bg4 6. Bg5 Nc6 7. Bxf6 gxf6 8.
Bb5 e5 9. Bxc6+ bxc6 10. Qe2 Qe7 11. dxe5 fxe5 12. Qxe5 Bxf3 13. Qxe7+ Bxe7 14.
gxf3 Rb8 15. O-O-O Bc5 16. Rde1+ Kd7 17. Ref1 Rhg8 18. h4 Rg2 19. Nd1 Bd6 20.
Rfg1 Rg6 21. Rxg6 hxg6 22. c3 Rh8 23. b4 g5 24. Rh3 Rxh4 25. Rxh4 gxh4 26. Ne3
h3 27. Nf1 h2 28. Nxh2 Bxh2 29. Kd2 Kd6 30. Kd3 c5 31. c4 cxb4 32. Kd4 Be5+ 33.
Kd3 Kc5 34. cxd5 Kxd5 35. Ke3 a5 36. f4 Bd4+ 37. Kf3 a4 38. Ke2 b3 39. axb3 a3
40. b4 a2 41. b5 a1=Q 42. Kf3 Bxf2 43. Kxf2 Qc3 44. b6 Qd4+ 45. Kf3 Qxb6 46.
Kg4 Ke4 47. f5 Qg1+ 48. Kh5 Kxf5 49. Kh4 Qg4# 0-1

[Event "MCR mladeze 2014, D14"]
[Site "Kouty nad Desnou"]
[Date "2014.03.14"]
[Round "8"]
[White "Koucha, Maryam Amina"]
[Black "Nemcova, Kamila"]
[Result "1/2-1/2"]
[WhiteElo "1527"]
[BlackElo "1659"]
[PlyCount "76"]
[EventDate "2014.??.??"]

1. e4 Nc6 2. Nf3 d5 3. exd5 Qxd5 4. Nc3 Qa5 5. g3 Bg4 6. Bg2 O-O-O 7. O-O Qf5
8. Re1 e5 9. d3 Nf6 10. Nh4 Bxd1 11. Nxf5 Bxc2 12. Bxc6 bxc6 13. Rxe5 Bxd3 14.
Bf4 Nd5 15. Nxd5 cxd5 16. Ne7+ Bxe7 17. Rxe7 Rd7 18. Rxd7 Kxd7 19. f3 c6 20.
Re1 f6 21. Kf2 c5 22. Rd1 c4 23. b3 Re8 24. Re1 Rc8 25. Rc1 Re8 26. Re1 Rc8 27.
Rc1 Kc6 28. bxc4 dxc4 29. Bd2 Rb8 30. Bc3 Rb5 31. Re1 Kd7 32. Ke3 Rh5 33. h4
Rd5 34. Kf4 Rf5+ 35. Ke3 Rd5 36. Kf4 g5+ 37. hxg5 fxg5+ 38. Kg4 h6 1/2-1/2